Mấy vấn đề trong kịch bản chèo
Saved in:
| Main Author: | |
|---|---|
| Format: | Book |
| Language: | Undetermined |
| Published: |
Hà Nội
Văn hóa
1977
|
| Tags: |
Add Tag
No Tags, Be the first to tag this record!
|
| Institutions: | Trung tâm Học liệu Trường Đại học Cần Thơ |
|---|
| LEADER | 00470nam a2200169Ia 4500 | ||
|---|---|---|---|
| 001 | CTU_9866 | ||
| 008 | 210402s9999 xx 000 0 und d | ||
| 082 | |a 792.12 | ||
| 082 | |b C111 | ||
| 100 | |a Hà Văn Cầu | ||
| 245 | 0 | |a Mấy vấn đề trong kịch bản chèo | |
| 245 | 0 | |c Hà Văn Cầu | |
| 260 | |a Hà Nội | ||
| 260 | |b Văn hóa | ||
| 260 | |c 1977 | ||
| 904 | |i Minh, 961002 | ||
| 980 | |a Trung tâm Học liệu Trường Đại học Cần Thơ | ||